000
00267nam a22001097a 4500
008
170120b xxu||||| |||| 00| 0 eng d
020
_a
9780763744373
041
_a
eng
080
_a
618.2
245
_a
EVIDENCE-BASED PRACTICE FOR NURSES
_c
SCHMIDT, N.A
942
_2
udc
_c
BK
999
_c
3267
_d
3267